000 00262nam a2200109Ia 4500
008 220204s9999 xx 000 0 und d
082 _a82-34
_bFAI
100 _aBrockett, Eleanor
245 0 _aPersian fairy tales
260 _aBombay
_bSomaiya
_c1969
942 _cBK
999 _c31105
_d31105